000 00620nam a2200241 a 4500
001 nice12345678
003 IN_TiNIC
005 20260116011533.0
008 050524s1965 lona grp 000 0 eng
020 _a
_c100
082 0 0 _a241.66
_bBAB
100 _aBabbage, Stuart Barton
245 _aSex and Sanity
_b a Christian View of Sexual Morality
260 _aLondon
_bHodder & Stoughton
_c1965
300 _a92p
500 _aincludes index and biblioraphy
505 2 _aBibliography
650 _aChristian-Ethics
700 1 _aBabbage, Stuart Barton
902 _bSRS
942 _cBK
999 _c2419
_d2419